000 00395nam a2200145Ia 4500
003 GCL
008 140319s9999 xx 000 0 ara d
040 _aGCL /
_cGCL
082 0 4 _a364.106
_bع ى
100 1 _aياسر بلال
245 1 0 _aعالم الجريمة والمتعة /
_cياسر بلال
700 1 _aابراهيم عبدالنبى
300 _a109 ص
490 _a100 قصة
_v0
999 _c43345
_d43345